QUALITATIVE INQUIRY IN EVALUATION : (Record no. 180957)

MARC details
000 -LEADER
fixed length control field 01269nam a2200313 i 4500
003 - CONTROL NUMBER IDENTIFIER
control field OSt
005 - DATE AND TIME OF LATEST TRANSACTION
control field 20210110100825.0
008 - FIXED-LENGTH DATA ELEMENTS--GENERAL INFORMATION
fixed length control field 210110s2014 cau er 001 0 eng d
020 ## - INTERNATIONAL STANDARD BOOK NUMBER
International Standard Book Number 9780470447673
Qualifying information paperback
040 ## - CATALOGING SOURCE
Original cataloging agency PPAK
Language of cataloging eng
Transcribing agency PPAK
Description conventions rda
082 04 - DEWEY DECIMAL CLASSIFICATION NUMBER
Edition number 23
Classification number 379.158
090 00 - LOCALLY ASSIGNED LC-TYPE CALL NUMBER (OCLC); LOCAL CALL NUMBER (RLIN)
Classification number (OCLC) (R) ; Classification number, CALL (RLIN) (NR) 379.158
Feature heading GOO
Feature heading G
100 1# - MAIN ENTRY--PERSONAL NAME
Personal name Goodyear, Leslie,
Dates associated with a name 1966-
Relator term author.
245 10 - TITLE STATEMENT
Title QUALITATIVE INQUIRY IN EVALUATION :
Remainder of title From Theory to Practice /
Statement of responsibility, etc. LESLIE GOODYEAR, JENNIFER JEWISS, JANET USINGER, AND ERIC BARELA
264 #1 - PRODUCTION, PUBLICATION, DISTRIBUTION, MANUFACTURE, AND COPYRIGHT NOTICE
Place of production, publication, distribution, manufacture San Francisco, CA :
Name of producer, publisher, distributor, manufacturer Jossey-Bass,
Date of production, publication, distribution, manufacture, or copyright notice 2014.
300 ## - PHYSICAL DESCRIPTION
Extent xxxi, 295 pages :
Dimensions 23 cm
336 ## - CONTENT TYPE
Source rdacontent
Content type term text
337 ## - MEDIA TYPE
Source rdamedia
Media type term unmediated
338 ## - CARRIER TYPE
Source rdacarrier
Carrier type term volume
500 ## - GENERAL NOTE
General note Includes index
520 ## - SUMMARY, ETC.
Summary, etc. Integrate qualitative inquiry approaches and methods into the practice of evaluation Qualitative inquiry can have a major effect on evaluation practice, and provides evaluators a means to explore and examine various settings and contexts in need of rich description and deeper understanding
650 10 - SUBJECT ADDED ENTRY--TOPICAL TERM
Topical term or geographic name entry element Educational evaluation
Topical term or geographic name entry element Education
Topical term or geographic name entry element Evaluation
700 1# - ADDED ENTRY--PERSONAL NAME
Personal name Jewiss, Jennifer,
Relator term author.
Personal name Usinger, Janet,
Relator term author.
Personal name Barela, Eric,
Relator term author.
942 ## - ADDED ENTRY ELEMENTS (KOHA)
Source of classification or shelving scheme Dewey Decimal Classification
Koha item type Book
Holdings
Withdrawn Not for loan Current library Shelving location Date acquired Full call number Barcode Date last seen Koha item type Total Checkouts Date last checked out Total Renewals
    Perpustakaan Alor Setar Pinjaman Dewasa 02/02/2021 379.158 GOO A00741502 02/02/2021 Book      
    Perpustakaan Awam Sungai Petani Pinjaman Dewasa 02/02/2021 379.158 GOO A00741503 14/07/2024 Book 1 02/07/2024  
    Perpustakaan Jitra Pinjaman Dewasa 02/02/2021 379.158 GOO A00741504 02/02/2021 Book      
    Perpustakaan Langkawi Pinjaman Dewasa 02/02/2021 379.158 GOO A00741505 23/08/2023 Book 1 22/05/2023 1